Les 29 principales aires urbaines du monde - Statistiques

Statistiques générales
  • Ce quiz a été pris 47 fois
  • Le résultat moyen est 23 sur 29
Statistiques - réponses
indice réponse % Correct
japon
Tokyo
100%
argentine Buenos Aires
98%
états unis New York
98%
corée du sud Séoul
98%
inde Delhi
96%
égypte Le Caire
93%
mexique Mexico
93%
chine Shanghai
93%
indonésie Jakarta
91%
russie Moscou
91%
france Paris
91%
chine Pékin
91%
allemagne Berlin
89%
brésil Rio de Janeiro
89%
royaume uni Londres
87%
philippines Manille
87%
brésil São Paulo
87%
états unis Los Angeles
85%
inde Bombay
83%
thailande Bangkok
80%
nigéria Lagos
80%
iran Téhéran
80%
états unis Chicago
67%
inde Calcutta
65%
japon Osaka
65%
pakistan Karachi
48%
turquie Istambul
43%
bangladesh Dhaka
17%
chine Hong kog
0%
Aucun quiz correspondant
Distribution des résultats
% des personnes avec chaque résultat
Percentile par nombre de réponses
Votre historique - résultats
Vous n’avez pas pris ce quiz